Taxes, subsidies, and listeners like you: public policy and contributions to public radio (Record no. 58112)

000 -LEADER
fixed length control field 01400pab a2200181 454500
008 - FIXED-LENGTH DATA ELEMENTS--GENERAL INFORMATION
fixed length control field 180718b2003 xxu||||| |||| 00| 0 eng d
100 ## - MAIN ENTRY--PERSONAL NAME
Personal name Brooks, Arthur C.
245 ## - TITLE STATEMENT
Title Taxes, subsidies, and listeners like you: public policy and contributions to public radio
260 ## - PUBLICATION, DISTRIBUTION, ETC.
Date of publication, distribution, etc. 2003
300 ## - PHYSICAL DESCRIPTION
Extent p.554-61.
362 ## - DATES OF PUBLICATION AND/OR SEQUENTIAL DESIGNATION
Dates of publication and/or sequential designation Sep-Oct
520 ## - SUMMARY, ETC.
Summary, etc. Public radio in the United States receives both direct and indirect government funding. Direct subsidies come in the form of lump-sum and matching grants, while indirect subsidies proceed from tax revenues forgone on tax-deductible private donations. Each of these sources of government money affects charitable giving to public radio. This article estimates both of these effects, using data on 91 public radio stations in the United States during 1995. Data analysis shows that public funding to stations has a positive impact on private giving, but this impact rapidly decreases as the level of government subsidies increases. The analysis also indicates that increases in state tax rates correspond with significantly higher donation levels. This article explores the implications of these and other findings for policy makers, public administrators, and nonprofit managers. - Reproduced.
650 ## - SUBJECT ADDED ENTRY--TOPICAL TERM
Topical term or geographic name entry element Public policy - United States
650 ## - SUBJECT ADDED ENTRY--TOPICAL TERM
Topical term or geographic name entry element Radio - United States
650 ## - SUBJECT ADDED ENTRY--TOPICAL TERM
Topical term or geographic name entry element Radio
773 ## - HOST ITEM ENTRY
Main entry heading Public Administration Review
909 ## -
-- 58112
Holdings
Withdrawn status Lost status Damaged status Not for loan Permanent Location Current Location Date acquired Serial Enumeration / chronology Barcode Date last seen Price effective from Koha item type
        Indian Institute of Public Administration Indian Institute of Public Administration 2018-07-19 Volume no: 63, Issue no: 5 AR58557 2018-07-19 2018-07-19 Articles

Powered by Koha